| 000 | 00536nam a22001937a 4500 | ||
|---|---|---|---|
| 003 | KOHA_MİRAKIL | ||
| 005 | 20250930155337.0 | ||
| 008 | 250930b tu ||||| |||| 00| 0 tur d | ||
| 020 | _a9786256920057 | ||
| 040 |
_aTR-AnABB _btur _cTR-AnABB |
||
| 041 | _atur | ||
| 082 |
_a891.73 _bREİ 2023 |
||
| 100 | 1 | _aReissner, Larissa, | |
| 245 | 1 | 0 |
_aHamburg barikatları / _cLarıssa Reıssner |
| 260 |
_aİstanbul : _bDedalus Kitap, _c2023 |
||
| 300 |
_a132 sayfa ; _c21 cm |
||
| 650 | 0 | 4 | _aRus edebiyatı, roman |
| 942 |
_2ddc _cBK |
||
| 999 |
_c8993 _d8993 |
||
| 900 | _bGizem YORULMAZ | ||